Holiday Quiz

Random Holiday or Clickable Quiz

Celebrity Halloween Costumes 2014 Quiz Stats

 Plays Quiz not verified by Sporcle

Score 0/23 Timer 08:00
0 Plays Today
% Correct
Kim Kardashian
32.4%
Amal Clooney
30.9%
Butterfly
22.1%
Cheeto
22.1%
Corpse Bachelorette
22.1%
Captain America
22.1%
Cher
22.1%
Twitter Bird
22.1%
Nun
20.6%
Tooth Fairy
19.1%
Little Red Riding Hood
17.6%
Power Ranger
17.6%
% Correct
Pegacorn
17.6%
Ninja Turtle
16.2%
Little Orphan Annie
16.2%
Minny Mouse
16.2%
Zoolander
14.7%
The Riddler
14.7%
Doctor
14.7%
Janet Jackson
13.2%
Lucille Ball
13.2%
Mario (Super Mario Brothers)
13.2%
Skeleton
7.4%

You're not logged in!

Compare scores with friends on all Sporcle quizzes.
OR
Log In

Sporcle TV

Today on Sporcle TV


Watch our educational content, quiz creation guides, and fun videos on Sporcle TV.

Show Comments

Extras

Top Quizzes Today


Score Distribution

Your Account Isn't Verified!

In order to create a playlist on Sporcle, you need to verify the email address you used during registration. Go to your Sporcle Settings to finish the process.

Report this User

Report this user for behavior that violates our Community Guidelines.

Details: